Statistics for Biggest Cities in Russian America

Click here to take the quiz!

General Stats

  • This quiz has been taken 43 times
  • The average score is 5 of 9

Answer Stats

PopulationNorth American city% Correct
251,243Anchorage
97%
3,059,393Seattle
97%
1,849,898Portland
94%
2,264,823Vancouver
72%
236,632Salem
42%
335,696Victoria
36%
247,721Eugene
33%
802,459Honolulu
28%
308,231Santa Rosa
3%

Score Distribution

Percentile by Number Answered

Percent of People with Each Score

Your Score History

You have not taken this quiz